| 000 | 00826nam a22002177a 4500 | ||
|---|---|---|---|
| 999 |
_c11368 _d11368 |
||
| 003 | AR-CdUCM | ||
| 008 | 190403b ||||| |||| 00| 0 spa d | ||
| 040 |
_aMUNICIPALIDAD PROVINCIAL DEL CUSCO _cBIBLIOTECA MUNICIPAL DEL CUSCO |
||
| 082 |
_aEP / 372.985 / _bC28 _22ed. |
||
| 100 |
_aDíaz Córdova, Alfredo _926602 |
||
| 245 |
_aJorgito : _bLecturas y ejercicios de lenguaje, calendario cívico escolar 4 / |
||
| 260 |
_aLima : _bEscuela Nueva, |
||
| 300 |
_a159 paginas ; _c20 cm. |
||
| 505 | _aContenido :Leyenda de los hermanos ayar -- Día del trabajo -- Canto a la bandera -- El pequeño Bolívar -- El día de la primavera ... | ||
| 650 |
_aEducación _9460 |
||
| 650 |
_aLibro de lectura _927572 |
||
| 650 |
_aTexto escolar _92070 |
||
| 700 |
_aDíaz Guillen, Rosa E. _926603 |
||
| 942 |
_2ddc _cLIBROS |
||
| 945 | _arum | ||